|
|
|
|
| LEADER |
00000caa a2200000 c 4500 |
| 001 |
1622787773 |
| 003 |
DE-627 |
| 005 |
20220606124418.0 |
| 007 |
tu |
| 008 |
080527s2008 xx ||||| 00| ||ger c |
| 035 |
|
|
|a (DE-627)1622787773
|
| 035 |
|
|
|a (DE-576)280980833
|
| 035 |
|
|
|a (DE-599)BSZ280980833
|
| 040 |
|
|
|a DE-627
|b ger
|c DE-627
|e rakwb
|
| 041 |
|
|
|a ger
|
| 100 |
1 |
|
|a Keiser, Claudia
|4 aut
|
| 245 |
1 |
0 |
|a Jugendliche Täter als strafrechtlich Erwachsene?
|b Das Phänomen der "Adulteration" im Lichte internationaler Menschenrechte
|c von Claudia Keiser
|
| 246 |
3 |
0 |
|a Großbritannien Kanada
|
| 264 |
|
1 |
|c 2008
|
| 336 |
|
|
|a Text
|b txt
|2 rdacontent
|
| 337 |
|
|
|a ohne Hilfsmittel zu benutzen
|b n
|2 rdamedia
|
| 338 |
|
|
|a Band
|b nc
|2 rdacarrier
|
| 773 |
0 |
8 |
|i In
|t Zeitschrift für die gesamte Strafrechtswissenschaft
|d Berlin [u.a.] : de Gruyter, 1881
|g 120(2008), 1, Seite 25-67
|w (DE-627)129491098
|w (DE-600)206260-4
|w (DE-576)014885867
|x 0084-5310
|7 nnas
|
| 773 |
1 |
8 |
|g volume:120
|g year:2008
|g number:1
|g pages:25-67
|
| 951 |
|
|
|a AR
|
| ELC |
|
|
|b 1
|
| LOK |
|
|
|0 000 xxxxxcx a22 zn 4500
|
| LOK |
|
|
|0 001 3247464557
|
| LOK |
|
|
|0 003 DE-627
|
| LOK |
|
|
|0 004 1622787773
|
| LOK |
|
|
|0 005 20250312082517
|
| LOK |
|
|
|0 008 110103||||||||||||||||ger|||||||
|
| LOK |
|
|
|0 040
|a DE-21-110
|c DE-627
|d DE-21-110
|
| LOK |
|
|
|0 689
|a s
|a Adulteration
|
| LOK |
|
|
|0 689
|a s
|a Jugendstrafrecht
|
| LOK |
|
|
|0 689
|a g
|a England
|
| LOK |
|
|
|0 689
|a g
|a Kanada
|
| LOK |
|
|
|0 852
|a DE-21-110
|
| LOK |
|
|
|0 852 1
|m p
|9 00
|
| LOK |
|
|
|0 935
|a tre3
|
| LOK |
|
|
|0 938
|k p
|
| LOK |
|
|
|0 939
|a 03-01-11
|b l01
|
| ORI |
|
|
|a SA-MARC-krimdoka001.raw
|